|
|
|
|
| LEADER |
00000aas a22000004a 4500 |
| 001 |
vtls008773953 |
| 003 |
SK-MaSNL |
| 005 |
20260228160557.0 |
| 008 |
210903d19992014xo qr p 0 b0hun |
| 022 |
|
|
|a 1338-1695
|
| 040 |
|
|
|a SNK
|b slo
|c SNK
|d SVKBB
|e AACR2
|
| 041 |
0 |
|
|a hun
|
| 044 |
|
|
|a xo
|c SK
|
| 072 |
|
7 |
|a 272
|x Rímskokatolícka cirkev
|2 konpekt
|
| 072 |
|
7 |
|a 27-5
|x Liturgia. Kresťanské umenie a symbolika. Duchovný život
|2 konspekt
|
| 080 |
|
|
|a 27-5
|2 2001
|
| 080 |
|
|
|a 272
|2 2001
|
| 080 |
|
|
|a 070.482
|2 2001
|
| 210 |
0 |
|
|a Mária kora
|
| 222 |
|
|
|a Mária kora
|
| 245 |
0 |
0 |
|a Mária kora
|b a Máriás Papi Mozgalom és a Máriás Mozgalom folyóirata
|
| 260 |
|
|
|a Bratislava
|b Združenie Máriina doba
|c 1999-2014
|
| 300 |
|
|
|a 15 zv.
|c 30 cm
|
| 310 |
|
|
|a 4x ročne
|
| 362 |
0 |
|
|a 1. évf. 1 sz. (1999)-évf. 15, sz. 4 (2014)
|
| 500 |
|
|
|a Registračné č.: 403/91
|
| 500 |
|
|
|a Zodpovedný redaktor: (?-), Dobos Péter
|
| 500 |
|
|
|a Roky 2003 a 2004 majú označený rovnaký ročník (roč. 5).
|
| 600 |
0 |
7 |
|a Mária,
|c matka Ježišova, svätá
|2 SNKMA
|9 157751
|
| 610 |
2 |
7 |
|a Rímskokatolícka cirkev
|2 SNKKA
|9 32394
|
| 650 |
0 |
7 |
|a mariánsky kult
|2 SNKPH
|9 1996
|
| 655 |
|
7 |
|a náboženské časopisy
|2 SNKPH
|9 70790
|
| 700 |
1 |
|
|a Dobos, Péter
|4 lso
|9 266911
|
| 710 |
2 |
|
|a Združenie Máriina doba (Bratislava, Slovensko)
|4 pbl
|9 266912
|
| 852 |
|
|
|a Štátna vedecká knižnica v Banskej Bystrici
|
| 910 |
|
|
|a snk
|
| 916 |
|
|
|a 1999-2012
|
| 958 |
|
|
|a OND
|
| 999 |
|
|
|c 3002
|d 4932
|
| 952 |
|
|
|0 0
|1 0
|4 0
|7 0
|a SNK
|b SNK
|d 2014-08-12
|f 1
|i snkČSP 2389/2004
|l 0
|o snkČSB 5315/2/2000
|p 17A0922594
|r 2026-02-21 20:23:45
|t č. 1-4
|w 2026-02-21
|y PREZ
|
| 952 |
|
|
|0 0
|1 0
|4 0
|7 0
|a SNK
|b SNK
|d 2014-08-12
|f 1
|i snkČSP 2391/2004
|l 0
|o snkČSB 5315/1/1999
|p 17A0922593
|r 2026-02-21 20:23:45
|t č. 1-4
|w 2026-02-21
|y PREZ
|
| 952 |
|
|
|0 0
|1 0
|4 0
|7 0
|8 0
|a SNK
|b SNK
|d 2014-08-12
|i snk2014/16984
|l 0
|o snkČSB 5315/13/2012 D1
|p 17A1088636
|r 2026-02-21 20:41:01
|t č. 1-4
|w 2026-02-21
|y PREZ
|
| 952 |
|
|
|0 0
|1 0
|4 0
|7 0
|a SNK
|b SNK
|d 2014-08-13
|f 1
|i snkČSP 2385/2004
|l 0
|o snkČSB 5315/4/2002
|p 17A0985047
|r 2026-02-21 21:33:21
|t č. 1-4
|w 2026-02-21
|y PREZ
|
| 952 |
|
|
|0 0
|1 0
|4 0
|7 0
|a SNK
|b SNK
|d 2014-08-13
|f 1
|i snkČSP 2383/2004
|l 0
|o snkČSB 5315/5/2003
|p 17A0985050
|r 2026-02-21 21:33:21
|t č. 1-4
|w 2026-02-21
|y PREZ
|
| 952 |
|
|
|0 0
|1 0
|4 0
|7 0
|8 0
|a SNK
|b SNK
|d 2014-08-12
|f 1
|i snk2014/16958
|l 0
|o snkČSB 5315/5/2004
|p 17A1088619
|r 2026-02-21 21:33:27
|t č. 1-4
|w 2026-02-21
|y PREZ
|
| 952 |
|
|
|0 0
|1 0
|4 0
|7 0
|8 0
|a SNK
|b SNK
|d 2014-08-12
|i snk2014/16960
|l 0
|o snkČSB 5315/5/2004 D1
|p 17A1088620
|r 2026-02-21 21:33:32
|t č. 1-4
|w 2026-02-21
|y PREZ
|
| 952 |
|
|
|0 0
|1 0
|4 0
|7 0
|8 0
|a SNK
|b SNK
|d 2014-08-12
|f 1
|i snk2014/16968
|l 0
|o snkČSB 5315/7/2006
|p 17A1088623
|r 2026-02-21 21:33:32
|t č. 1-4
|w 2026-02-21
|y PREZ
|
| 952 |
|
|
|0 0
|1 0
|4 0
|7 0
|8 0
|a SNK
|b SNK
|d 2014-08-12
|i snk2014/16969
|l 0
|o snkČSB 5315/7/2006 D1
|p 17A1088624
|r 2026-02-21 21:33:32
|t č. 1-4
|w 2026-02-21
|y PREZ
|
| 952 |
|
|
|0 0
|1 0
|4 0
|7 0
|8 0
|a SNK
|b SNK
|d 2014-08-12
|f 1
|i snk2014/16970
|l 0
|o snkČSB 5315/8/2007
|p 17A1088625
|r 2026-02-21 21:33:32
|t č. 1-4
|w 2026-02-21
|y PREZ
|
| 952 |
|
|
|0 0
|1 0
|4 0
|7 0
|8 0
|a SNK
|b SNK
|d 2014-08-12
|i snk2014/16973
|l 0
|o snkČSB 5315/8/2007 D1
|p 17A1088626
|r 2026-02-21 21:33:32
|t č. 1-4
|w 2026-02-21
|y PREZ
|
| 952 |
|
|
|0 0
|1 0
|4 0
|7 0
|8 0
|a SNK
|b SNK
|d 2014-08-12
|f 1
|i snk2014/16975
|l 0
|o snkČSB 5315/9/2008
|p 17A1088627
|r 2026-02-21 21:33:32
|t č. 1-4
|w 2026-02-21
|y PREZ
|
| 952 |
|
|
|0 0
|1 0
|4 0
|7 0
|8 0
|a SNK
|b SNK
|d 2014-08-12
|i snk2014/16976
|l 0
|o snkČSB 5315/9/2008 D1
|p 17A1088628
|r 2026-02-21 21:33:32
|t č. 1-4
|w 2026-02-21
|y PREZ
|
| 952 |
|
|
|0 0
|1 0
|4 0
|7 0
|8 0
|a SNK
|b SNK
|d 2014-08-12
|f 1
|i snk2014/16977
|l 0
|o snkČSB 5315/10/2009
|p 17A1088629
|r 2026-02-21 21:33:33
|t č. 1-4
|w 2026-02-21
|y PREZ
|
| 952 |
|
|
|0 0
|1 0
|4 0
|7 0
|8 0
|a SNK
|b SNK
|d 2014-08-12
|i snk2014/16978
|l 0
|o snkČSB 5315/10/2009 D1
|p 17A1088630
|r 2026-02-21 21:33:33
|t č. 1-4
|w 2026-02-21
|y PREZ
|
| 952 |
|
|
|0 0
|1 0
|4 0
|7 0
|8 0
|a SNK
|b SNK
|d 2014-08-12
|f 1
|i snk2014/16979
|l 0
|o snkČSB 5315/11/2010
|p 17A1088631
|r 2026-02-21 21:33:33
|t č. 1-4
|w 2026-02-21
|y PREZ
|
| 952 |
|
|
|0 0
|1 0
|4 0
|7 0
|8 0
|a SNK
|b SNK
|d 2014-08-12
|i snk2014/16980
|l 0
|o snkČSB 5315/11/2010 D1
|p 17A1088632
|r 2026-02-21 21:33:33
|t č. 1-4, neúpné
|w 2026-02-21
|y PREZ
|z chýba č. 1
|
| 952 |
|
|
|0 0
|1 0
|4 0
|7 0
|8 0
|a SNK
|b SNK
|d 2014-08-12
|f 1
|i snk2014/16981
|l 0
|o snkČSB 5315/12/2011
|p 17A1088633
|r 2026-02-21 21:33:33
|t č. 1-4
|w 2026-02-21
|y PREZ
|
| 952 |
|
|
|0 0
|1 0
|4 0
|7 0
|8 0
|a SNK
|b SNK
|d 2014-08-12
|i snk2014/16982
|l 0
|o snkČSB 5315/12/2011 D1
|p 17A1088634
|r 2026-02-21 21:33:33
|t č. 1-4
|w 2026-02-21
|y PREZ
|
| 952 |
|
|
|0 0
|1 0
|4 0
|7 0
|8 0
|a SNK
|b SNK
|d 2014-08-12
|f 1
|i snk2014/16983
|l 0
|o snkČSB 5315/13/2012
|p 17A1088635
|r 2026-02-21 21:33:33
|t č. 1-4
|w 2026-02-21
|y PREZ
|
| 952 |
|
|
|0 0
|1 0
|4 0
|7 0
|a SNK
|b SNK
|d 2014-08-12
|f 1
|i snkČSP 2387/2004
|l 0
|o snkČSB 5315/3/2001
|p 17A0985049
|r 2026-02-21 21:33:33
|t č. 1-4
|w 2026-02-21
|y PREZ
|
| 952 |
|
|
|0 0
|1 0
|4 0
|7 0
|8 0
|a SNK
|b SNK
|d 2014-08-12
|f 1
|i snk2014/16965
|l 0
|o snkČSB 5315/6/2005
|p 17A1088621
|r 2026-02-21 21:41:24
|t č. 1-4
|w 2026-02-21
|y PREZ
|
| 952 |
|
|
|0 0
|1 0
|4 0
|7 0
|8 0
|a SNK
|b SNK
|d 2014-08-12
|i snk2014/16966
|l 0
|o snkČSB 5315/6/2005 D1
|p 17A1088622
|r 2026-02-21 21:41:24
|t č. 1-4
|w 2026-02-21
|y PREZ
|
| 952 |
|
|
|0 0
|1 0
|4 0
|7 0
|8 0
|a SNK
|b SNK
|d 2016-12-06
|i snk2016/28108
|l 0
|o snkČSB 5315/14/2013
|p 17A1203700
|r 2026-02-21 22:24:48
|t č. 1-4
|w 2026-02-21
|y PREZ
|
| 952 |
|
|
|0 0
|1 0
|4 0
|7 0
|8 0
|a SNK
|b SNK
|d 2016-12-06
|i snk2016/28109
|l 0
|o snkČSB 5315/14/2013 D1
|p 17A1203699
|r 2026-02-21 22:24:48
|t č. 1-4
|w 2026-02-21
|y PREZ
|
| 952 |
|
|
|0 0
|1 0
|4 0
|7 0
|8 0
|a SNK
|b SNK
|d 2016-12-06
|i snk2016/28110
|l 0
|o snkČSB 5315/15/2014
|p 17A1203698
|r 2026-02-21 22:24:48
|t č. 1-4
|w 2026-02-21
|y PREZ
|
| 952 |
|
|
|0 0
|1 0
|4 0
|7 0
|8 0
|a SNK
|b SNK
|d 2016-12-06
|i snk2016/28111
|l 0
|o snkČSB 5315/15/2014 D1
|p 17A1203697
|r 2026-02-21 22:24:48
|t č. 1-4
|w 2026-02-21
|y PREZ
|